England - M & N - Statistics

General Stats
  • This quiz has been taken 28 times
  • The average score is 9 of 15
Answer Stats
Hint Answer % Correct
On Tyne and Under Lyme Newcastle
96%
City that used to be in Lancashire but now has it's own metropolitan county Manchester
88%
Designer Quant, Cook Berry Mary
88%
Actor Planer, Violinist Kennedy Nigel
83%
Singer Tennant, Actor Morrisey Neil
79%
Last name of singer Alison Moyet
75%
Most northerly county Northumberland
75%
County town of Norfolk Norwich
75%
Dart, Bodmin, Marston Moor
67%
Town famous for pork pies Melton Mowbray
58%
First name of actress Gordon who starred in the TV series Crossroads Noele
33%
Song by the Beatles covered by the Overlanders Michelle
29%
Children's cartoon series of the 70's about a girl her dog and a mouse who all lived in a block of flats Mary Mungo And Midge
17%
Town on the Wirral New Brighton
13%
60's & 70's sitcom starring Hylda baker & Jimmy Jewell Nearest And Dearest
8%
No matching quizzes found
Score Distribution
Percent of People with Each Score
Percentile by Number Answered
Your Score History
You have not taken this quiz